Seminar on law enforcement agencies andtheir role in the implementation of the international bill of human rights (Record no. 2506)
[ view plain ]
| 000 -LEADER | |
|---|---|
| fixed length control field | 00311nam a2200097Ia 4500 |
| 008 - FIXED-LENGTH DATA ELEMENTS--GENERAL INFORMATION | |
| fixed length control field | 240331s9999 xx 000 0 und d |
| 082 ## - DDC Classification | |
| Item Number - Author Mark | SRI |
| 100 ## - MAIN ENTRY--PERSONAL NAME | |
| Personal name | Sri Lanka foundation |
| 245 #0 - TITLE STATEMENT | |
| Title | Seminar on law enforcement agencies andtheir role in the implementation of the international bill of human rights |
| 942 ## - Koha item type (Biblio) | |
| Koha item type | Books in Stacks (Lending) |
| Lost status | Damaged status | Collection code | Home library | Current library | Shelving location | Date acquired | Full call number | Accession Number | Item type |
|---|---|---|---|---|---|---|---|---|---|
| Lending | WERC Library | WERC Library | Social Science Cupboard | 03/31/2024 | 323.4 SRI | 5678 | Books in Stacks (Lending) |
